| 000 | 01559nam a2200469 i 4500 | ||
|---|---|---|---|
| 001 | 9576 | ||
| 003 | KOSZ 005 | ||
| 005 | 20200819131803.0 | ||
| 008 | 000222s1978 pl a f |000 0 pol | ||
| 015 | _aUWD 1979/379 | ||
| 035 | _a991012952439705066 | ||
| 035 | _a(PL-WaBN)b13497625-48omnis_nlop | ||
| 035 | _ab13497625 | ||
| 035 | _a(OCoLC)749193602 | ||
| 035 | _a(PL)b0000001349762 | ||
| 035 | _a(EXLNZ-48OMNIS_NETWORK)9910369459105606 | ||
| 040 |
_aWA N _cWA N _dKOSZ 005/HR |
||
| 041 | 0 | _apol | |
| 046 | _k1978 | ||
| 080 | _a539.3/.6 | ||
| 100 | 1 |
_aSzczepiński, Wojciech _d(1924-2010) _eAutor |
|
| 245 | 1 | 0 |
_aMechanika plastycznego płynięcia / _cWojciech Szczepiński |
| 260 |
_aWarszawa : _bPaństwowe Wydaw. Naukowe, _c1978. |
||
| 300 |
_a182, [2] s. : _bil., wykr., err. ; _c17 cm. |
||
| 336 |
_aTekst _btxt _2rdacontent |
||
| 337 |
_aBez urządzenia pośredniczącego _bn _2rdamedia |
||
| 338 |
_aWolumin _bnc _2rdacarrier |
||
| 380 | _aKsiążki | ||
| 380 | _aPublikacje naukowe | ||
| 388 | _a1901-2000 | ||
| 388 | _a1945-1989 | ||
| 490 | 1 | _aMałe Monografie PWN. Technika | |
| 504 | _aBibliogr. s. 174-179. | ||
| 650 | 7 |
_aNaprężenia i odkształcenia _2DBN |
|
| 650 | 7 |
_aPlastyczność _2DBN |
|
| 658 | _aFizyka i astronomia | ||
| 710 | 2 |
_aPaństwowe Wydawnictwo Naukowe _4pbl |
|
| 830 | 0 |
_aMałe Monografie PWN. _pTechnika |
|
| 856 |
_uhttp://koha.tu.koszalin.pl/cgi-bin/koha/opac-detail.pl?biblionumber=9576 _yKatalog online BPK |
||
| 942 |
_2UKD _cKS |
||
| 999 |
_c9576 _d9576 |
||